| 000 | 00995nam a2200121Ia 4500 | ||
|---|---|---|---|
| 008 | 220616s9999||||xx |||||||||||||| ||und|| | ||
| 245 | 0 | _aInternational Labour Organization and Global Social Governance | |
| 546 | _aEnglish[eng] | ||
| 650 | _aLabour Law/Social Law||Sources and Subjects of International Law, International Organizations||International Organization||Development and Social Change||Development Studies||ILO||Social governance of globalization||International labour standards||Social justice||ILO world commission of globalization||Decent work||ILO world commission on the social dimension of globalization||International labour law||Social sustainability||Transformation of work||Open access||Employment & labour law: general||Social law & Medical law||Public international law||International institutions | ||
| 700 | _aHalonen, Tarja||Liukkunen, Ulla | ||
| 856 | _uhttps://library.oapen.org/bitstream/20.500.12657/42935/1/2021_Book_InternationalLabourOrganizatio.pdf | ||
| 942 | _cEB | ||
| 999 |
_c20430 _d20430 |
||